000
00300nam a22001337a 4500
005
20251108172350.0
008
250721s9999 xx 000 0 eng d
082
1
4
_a
J/F/TRE
245
1
0
_a
Treasure Island /
264
1
_a
london :
650
1
7
_a
english fiction
942
_2
ddc
_c
BK
999
_c
77349
_d
77349